00597nam a22001817a 450000500170000001000150001702000270003203500140005903700130007308200120008610000220009824500570012026000350017727001120021230000200032450000500034470000210039420191122142941.0 aENG-126988 c1150.00a9789388881210 aEN-110520 bDBAD/PUB a370.954 aAgarwalla, Sunita aEmerging issues and education /cby Sunita Agarwalla aGuwahatic2020bEBH publishers bGuwahatia136, M.L. Nehru Road, Panbazar Guwahati, Assame781001k913612513876measternbookshouse@gmail.com a226p.c24cm(Hb) aIncludes bibliographical references and index aSen, Nabinananda